1689 1969 1557 1272 1613 1502 1184 1734 1782 1892 1616 1564 1180 1452 1244 1388 1982 1718 1299 1042 1819 1421 1430 1755 1922 1804 1712 1566 1108 1990 1596 1285 1735 1115 1993 1946 1702 1815 1522 1344 1216 1982 1516 1821 1565 1978 1188 1739 1266 1957 1011 1070 1269 1845 1455 1235 1336 1599 1764 1477 1229 1490 1718 1340 1083 1243 1199 1809 1197 1260 1842 1323 1712 1030 1341 1805 1964 1989 1524 1666 1626 1704 1221 1295 1165 1071 1051 1186 1315 1238 1725 1227 1337 1370 1545 1470 1945 1998 1685 BCNSPRNW ULIB Ver.6.0+V

เปลี่ยนเป็นภาษาไทย

Change to English
 แสดงรายละเอียดบรรณานุกรม
  กลับหน้าหลัก

Brief Record : Get Marc (ISO 2709) : E-mail record : QR code < ปิดหน้าต่าง
LEADER : 00000nam 2200000uu 4500
001    13399120212
003     ULIB
008    120913s2553||||th 000 0 tha d
020    ^a9786117134029
090    ^aนว.^bอ912ป 2553
100 0  ^aอมิร
245 00 ^aปาฏิหาริย์รักจาฟองคลื่อน/^cอมิร
250    ^aพิมพ์ครั้งที่ 1
260    ^aกรุงเทพฯ :^bแนตตี้,^c2553
300    ^a344 หน้า
945    ^p269^l0^i15824
995    ^aวิภา
999 ^a ใช้งานได้ทุกระบบ
รายการนี้ยังไม่มีแท็ก
คุณยังไม่ได้ล็อกอิน คุณสามารถมีกิจกรรมร่วมกับเว็บไซต์ได้ แต่ต้องล็อกอินก่อน ::
  ล็อกอิน

รายการสื่อสารสนเทศ

ลำดับที่ ประเภท เลขเรียก/บาร์โค้ด สถานที่ สถานะ
1. วิทยาศาสตร์การแพทย์ และสุขภาพ
วิทยาศาสตร์การแพทย์ และสุขภาพ
นว. อ912ป 2553  
  Barcode: 15824
ห้องสมุดวิทยาเขตสวรรค์ประชารักษ์
►นวนิยาย
บนชั้น
  ขอยืม

BibComment


ยังไม่เคยถูกคอมเมนท์

คอมเมนท์ทรัพยากรรายการนี้
  คอมเมนท์: ปาฏิหาริย์รักจาฟ..


 Copyright 2026. Bcnsprnw @Library